Business risk assessment diplomová práca

Guardado en:
Detalles Bibliográficos
Autor principal: Petríková, Lenka
Autor Corporativo: Ekonomická univerzita v Bratislave. Ústav medzinárodných programov
Otros Autores: Rybárová, Daniela, 1967-
Formato: Libro
Lenguaje:inglés
Publicado: Bratislava 2010
Etiquetas: Agregar Etiqueta
Sin Etiquetas, Sea el primero en etiquetar este registro!

MARC

LEADER 00000nam a2200000 4500
001 0119518
005 20240318114143.1
041 0 |a eng 
044 |a SK 
245 1 0 |a Business risk assessment  |b diplomová práca  |c Lenka Petríková ; škol. Daniela Rybárová 
264 1 |a Bratislava  |c 2010 
300 |a 94 s. 
100 1 |a Petríková, Lenka 
700 1 |a Rybárová, Daniela, 1967- 
710 2 |a Ekonomická univerzita v Bratislave. Ústav medzinárodných programov